000 01996nam a2200373 i 4500
001 768714001
003 CO-MdFUSB
005 20260326114315.0
007 ta
008 241104t2004 -usab||| |||| 001 0 spa d
020 _a978-0-8054-2841-4
040 _bspa.
_aCO-MdFUSB
_cCO-MdFUSB
_dCO-MdFUSBC
_erda
041 _aspa
_heng
082 _223
_a220.6
_bEA13
100 _aKendell H. Easley,
_eautor
240 _aHolman quickSource guide to understanding the Bible.
245 _aGuía Holman para entender la Biblia
_c/ Kendell H. Easley ; traducido por Leticia Calçada
264 1 _aNashville, Tennessee :
_bB&H Publishing Group,
_c[2004]
264 4 _c©2004
300 _a272 páginas
_b: ilustraciones, mapa a color
_c; 23 cm
336 _2rdacontent
_atexto
_btxt
337 _2rdamedia
_asin mediación
_bn
338 _2rdacarrier
_avolumen
_bnc
490 _aGuía Holman
500 _aIncluye índice, ilustraciones, mapas a color
505 _aDios forja su nación. -- Dios instruye a su nación. -- Dios preserva un permanente fiel. -- Dios paga el precio de la redención y comienza el reino. -- Dios propaga el reino a través de la iglesia. -- Dios consuma la redención y confirma su reino eterno. -- Nuevos cielos y nueva tierra.
520 _aLa Guía Holman ofrece una forma rápida y efectiva de comprender la Biblia, incluso para quienes la han leído durante años. Proporciona resúmenes claros y completos de cada libro, aborda temas clave de la cosmovisión cristiana y muestra la presencia de Cristo en el Antiguo Testamento. Incluye versículos importantes y resume la historia bíblica en seis capítulos. Con tablas visuales y detalles sobre los autores, esta guía facilita el estudio y la comprensión profunda de la Biblia.
563 _aRústico
650 7 _aReligión
_9385
650 7 _aHermenéutica bíblica
_2embne
_97333
700 _aCalçada, Leticia
_96120
_etraductor
942 _cBK
945 _aCatherine Arias Alvarez
999 _c71152
_d71152